000 00731nam a2200289Ia 4500
005 20260324142957.0
008 008 260324s9999 xx 000 0 eng d
020 _a9780203771624
037 _aEBOOK
040 _aCRL
040 _beng
040 _cCRL
041 _2eng
041 _aeng
084 _qCRL
100 _aSheldon Rosenberg; Leonard Abbeduto
_91213939
245 0 _aLanguage and Communication in Mental Retardation
245 0 _bDevelopment, Processes, and intervention
260 _bTaylor and Francis
260 _c1993
365 _a
365 _b59.99
856 _uhttp://www.taylorfrancis.com/books/9780203771624
942 _cEBOOK
999 _c1818775
_d1818775